Game of Thrones: Great House Members - Statistics

General Stats
  • This quiz has been taken 88 times
  • The average score is 31 of 39
Answer Stats
Answer % Correct
Ned
100%
Jon
99%
Arya
97%
Cersei
97%
Robb
97%
Sansa
97%
Tyrion
97%
Robert
96%
Robert
96%
Bran
95%
Tywin
95%
Daenerys
94%
Jaime
91%
Rickon
91%
Stannis
90%
Theon
90%
Joffrey
89%
Margaery
89%
Catelyn
86%
Viserys
86%
Oberyn
85%
Renly
82%
Tommen
82%
Lysa
81%
Loras
77%
Olenna
77%
Myrcella
76%
Yara
71%
Edmure
67%
Euron
65%
Jon Snow
63%
Balon
57%
Mace
57%
Brynden
56%
Shireen
51%
Doran
46%
Hoster
43%
Selyse
37%
Trystane
33%
No matching quizzes found
Score Distribution
Percent of People with Each Score
Percentile by Number Answered
Your Score History
You have not taken this quiz